000 00829nam a2200253 4500
001 17141
003 HDC
007 cr bn ---aaaaa
008 210223c mydr|noo 0 a may d
040 _aHDC
100 _aNOR AZIAH JAAFAR
_eauthor
_99729
245 0 _aKembar klon individu berbeza /
_cby NOR AZIAH JAAFAR
260 _aMalaysia:
_bUtusan Malaysia,
_c2003
336 _atext
_2rdacontent
337 _acomputer
_2rdamedia
338 _aonline resource
_2rdacarrier
650 _aanimal manufacturer
_916676
650 _aclone industry
_916262
710 _aUtusan Malaysia
856 _zRequest full-text at [email protected]
942 _2lcc
942 _cNEWS
942 _kNSWO 008563
999 _c14457
_d14457